CLINICAL LARYNGOLOGY THE ESSENTIALS (Record no. 14408)

MARC details
000 -LEADER
fixed length control field 00266nam a22001217a 4500
003 - CONTROL NUMBER IDENTIFIER
control field SGT
082 ## - DEWEY DECIMAL CLASSIFICATION NUMBER
Classification number 616.22
Item number C15F
100 ## - MAIN ENTRY--PERSONAL NAME
Personal name FRIED,MARVIN P
245 ## - TITLE STATEMENT
Title CLINICAL LARYNGOLOGY THE ESSENTIALS
260 ## - PUBLICATION, DISTRIBUTION, ETC. (IMPRINT)
Place of publication, distribution, etc NEW YORK
Name of publisher, distributor, etc THIEME
Year of Publication 2015
300 ## - PAGE DESCRIPTION
No. of Pages 256
942 ## - ADDED ENTRY ELEMENTS (KOHA)
Source of classification or shelving scheme Dewey Decimal Classification
Koha item type Books
Holdings
Withdrawn status Lost status Source of classification or shelving scheme Damaged status Not for loan Collection code Home library Current library Shelving location Date acquired Vendor Name Cost, normal purchase price SGTU Bill Number Total Checkouts Full call number Accession No. (Barcode) Date last seen Bill Date Koha item type
    Dewey Decimal Classification     MEDICAL SGT Medical Library SGT Medical Library Reference Book 09/01/2018 ABC DELHI 5995.00 SGTU 8707   616.22 C15F FM9305 09/01/2018 08/08/2017 Books